00931nam a2200169 a 450000100100000000500170001000800410002704000250006808200200009310000420011324502550015526000600041030000240047050400740049450501090056865100840067700002728620240925085245.0110331s1913 dr a 000 0 spa d aDO-SdBNPbspacBNPHU a972.9302bM938b1 aMoya, Casimiro Nemesio de,d1849-191310aBosquejo histórico del descubrimiento y conquista de la isla de Santo Domingo y Narración de los principales sucesos ocurridos en la parte española de ella desde la sumisión de su último cacique hasta nuestros días /cCasimiro N. de Moya. aSanto Domingo :bImpresora La Cuna de América,c1913. av. :bil. ;c22 cm. aIncluye referencias bibliográficas y notas al pie de las páginas.0 gv. 1tÉpoca de la conquista y gobierno de los españoles hasta la sumisión de los últimos indios. 0aRepública Dominicana --xHistoria -- yDescubrimiento y conquista, 1492-1503